000 00321nam a22001457a 4500
003 OSt
005 20211228084044.0
008 211228b |||||||| |||| 00| 0 eng d
020 _a013034074
040 _cHU
082 _a004
100 _aBryant E. Randal
_925591
245 _aComputer Systems
942 _2ddc
_cBOOKS
_n0
999 _c24485
_d24485